| 000 | 01654nam a22001937a 4500 | ||
|---|---|---|---|
| 999 |
_c462 _d462 |
||
| 005 | 20190815105941.0 | ||
| 008 | 190815b ||||| |||| 00| 0 eng d | ||
| 020 | _a9781445138664 | ||
| 040 | _cKH8 | ||
| 082 | _a631.523 GRA | ||
| 100 | _aGray, Leon | ||
| 245 |
_aGenetic Modification : _bShould Humans Control Nature? / _cLeon Gray |
||
| 260 |
_aLondon : _bHachette Children's Books, _c2015. |
||
| 300 |
_a48 pages ; _bill. : _c254 x 203 mm. |
||
| 440 | _aAsk the experts | ||
| 505 | _a1: In the Genes1: Inside a Gene1: Cloning1: Genetic Modification1: GM in Action1: GM in Food1: GM Medicine1: Science and Industry1: You're the Expert1: Glossary1: For More Information1: Index | ||
| 520 |
_aGenetic Modification explores this most topical of scientific issues, from the genetic modification of plants and food crops through to the modification of animals. It explores the moral issues surrounding GM, offering debates and expert opinion. It also looks at how the latest cutting-edge technology in the field will in the future open up an entirely new world of potential modification, and the issues that surround it. Is our planet's population out of control? What is the future of the global economy? Are we playing God with genetic modification? How secure is the global positioning system and who is tracking you? In Ask the Experts discover some of the most topical issues facing people today and read expert opinions on each subject. Once you have 'asked the experts', become an expert yourself and use the knowledge you have learned to make up your own mind about our future. _bAn investigative series for children aged 9+ |
||
| 942 |
_2ddc _cNFIC |
||